| 000 -LEADER |
| fixed length control field |
00613nam a22002177a 4500 |
| 008 - FIXED-LENGTH DATA ELEMENTS--GENERAL INFORMATION |
| fixed length control field |
150602b xxu||||| |||| 00| 0 eng d |
| 020 ## - INTERNATIONAL STANDARD BOOK NUMBER |
| International Standard Book Number |
9781133448174 |
| 020 ## - INTERNATIONAL STANDARD BOOK NUMBER |
| International Standard Book Number |
1133448178 |
| 041 0# - LANGUAGE CODE |
| Language code of text/sound track or separate title |
eng |
| 080 ## - UNIVERSAL DECIMAL CLASSIFICATION NUMBER |
| Universal Decimal Classification number |
33 |
| 100 1# - Rafti |
| Rafti |
Keller, Gerald, |
| 245 ## - TITLE STATEMENT |
| Title |
Statistics : |
| Statement of responsibility, etc |
Gerald Keller. |
| 246 3# - VARYING FORM OF TITLE |
| Title proper/short title |
Statistics for management and economics |
| 250 ## - |
| -- |
9th edition. |
| 300 ## - |
| -- |
xxiii, 909 pages, [53] variously numbered pages : |
| -- |
me il.; |
| -- |
27 cm. |
| 505 ## - |
| -- |
Index: f.I1-I10 |
| 650 #0 - |
| -- |
Organizimi |
| 650 #0 - |
| -- |
Statistika |
| 650 #0 - |
| -- |
Ekonomiks |
| 942 ## - ADDED ENTRY ELEMENTS (KOHA) |
| Source of classification or shelving scheme |
|
| Item type |
Books |